000 00863nam a22002177a 4500
999 _c18470
_d18470
005 20251125232907.0
008 s2540 th tha d
040 _aNALT
041 _atha
245 1 0 _aคู่มือปฏิบัติงานทะเบียนราษฎร 2540
260 3 _aกรุงเทพฯ :
_bกรมการปกครอง,
_c2540
300 _a530 หน้า :
_b ตาราง ;
_c 22 ซม.
650 0 4 _aทะเบียนราษฎร์
650 0 4 _aทะเบียนราษฎร์ -- คู่มือ
650 0 4 _aสัญชาติ (พ.ร.บ.) -- 2508
850 _aNALT
856 4 0 _uhttps://hdl.handle.net/20.500.14156/460964
942 _cLB
_2lcc
998 _j25
_k นีลวัสน์ อินทรักษา
090 _aKE201 ก462ค 2540